000 00206nam a22000857a 4500
008 161202b xxu||||| |||| 00| 0 eng d
100 _91717
_aLewis.C.S.
245 _aPrince Caspian
260 _aNewyork
_bH.T.
_c1980
999 _c4429
_d4429